Christ in all the Scriptures / (Record no. 1901)
[ view plain ]
| 000 -LEADER | |
|---|---|
| fixed length control field | 00679nam a2200241Ia 4500 |
| 001 - CONTROL NUMBER | |
| control field | 1352060 |
| 003 - CONTROL NUMBER IDENTIFIER | |
| control field | OSt |
| 005 - DATE AND TIME OF LATEST TRANSACTION | |
| control field | 20180921174252.0 |
| 008 - FIXED-LENGTH DATA ELEMENTS--GENERAL INFORMATION | |
| fixed length control field | 750522r19481907enk 000 0 eng u |
| 035 ## - SYSTEM CONTROL NUMBER | |
| System control number | .b10287772 |
| 040 ## - CATALOGING SOURCE | |
| Transcribing agency | ITD |
| Modifying agency | m.c. |
| -- | MZN |
| -- | OCoLC |
| 082 ## - DEWEY DECIMAL CLASSIFICATION NUMBER | |
| Classification number | 232.9 |
| Item number | H6896C |
| 090 ## - LOCALLY ASSIGNED LC-TYPE CALL NUMBER (OCLC); LOCAL CALL NUMBER (RLIN) | |
| Classification number (OCLC) (R) ; Classification number, CALL (RLIN) (NR) | BT225 |
| Local cutter number (OCLC) ; Book number/undivided call number, CALL (RLIN) | .H6 1948 |
| 100 1# - MAIN ENTRY--PERSONAL NAME | |
| Personal name | Hodgkin, A. M |
| 245 10 - TITLE STATEMENT | |
| Title | Christ in all the Scriptures / |
| Statement of responsibility, etc. | by A. M. Hodgkin |
| 260 ## - PUBLICATION, DISTRIBUTION, ETC. | |
| Place of publication, distribution, etc. | London : |
| Name of publisher, distributor, etc. | Pickering & Inglis, |
| Date of publication, distribution, etc. | 1948 |
| 300 ## - PHYSICAL DESCRIPTION | |
| Extent | x, 249 p. ; |
| Dimensions | 21 cm |
| 500 ## - GENERAL NOTE | |
| General note | Reprint of 1907 edition |
| 600 00 - SUBJECT ADDED ENTRY--PERSONAL NAME | |
| Personal name | Jesus Christ |
| 630 00 - SUBJECT ADDED ENTRY--UNIFORM TITLE | |
| Uniform title | Bible. |
| Name of part/section of a work | Old Testament |
| General subdivision | Criticism, interpretation, etc |
| 650 #0 - SUBJECT ADDED ENTRY--TOPICAL TERM | |
| Topical term or geographic name entry element | Typology (Theology) |
| 942 ## - ADDED ENTRY ELEMENTS (KOHA) | |
| Source of classification or shelving scheme | Dewey Decimal Classification |
| Koha item type | Books |
| Withdrawn status | Lost status | Source of classification or shelving scheme | Damaged status | Not for loan | Collection code | Home library | Current library | Shelving location | Date acquired | Total Checkouts | Full call number | Barcode | Date last seen | Price effective from | Koha item type |
|---|---|---|---|---|---|---|---|---|---|---|---|---|---|---|---|
| Dewey Decimal Classification | Non-fiction | Harvest Mission College | Harvest Mission College | General Stacks | 21.09.2018 | 232.9 H6896C | 000404 | 21.09.2018 | 21.09.2018 | Books |
